Преобразующая журналистика : (Record no. 165495)
[ view plain ]
| 000 -LEADER | |
|---|---|
| fixed length control field | 00861nam a2200217 u 4500 |
| 001 - CONTROL NUMBER | |
| control field | 000455433 |
| 003 - CONTROL NUMBER IDENTIFIER | |
| control field | AM-YeHGA |
| 005 - DATE AND TIME OF LATEST TRANSACTION | |
| control field | 20250617133443.0 |
| 008 - FIXED-LENGTH DATA ELEMENTS--GENERAL INFORMATION | |
| fixed length control field | 050930s1990 ||| r ||| 0 rus d |
| 020 ## - INTERNATIONAL STANDARD BOOK NUMBER | |
| International Standard Book Number | 5746401412 |
| 040 ## - CATALOGING SOURCE | |
| Original cataloging agency | AM-YeHGA |
| 041 0# - LANGUAGE CODE | |
| Language code of text/sound track or separate title | rus |
| 090 ## - LOCALLY ASSIGNED LC-TYPE CALL NUMBER (OCLC); LOCAL CALL NUMBER (RLIN) | |
| -- | 166919 |
| 100 1# - MAIN ENTRY--PERSONAL NAME | |
| Personal name | Миннибаев, Талгат Хазиахметович |
| 245 10 - TITLE STATEMENT | |
| Title | Преобразующая журналистика : |
| Remainder of title | Пресса как субъект полит. творчества / |
| Statement of responsibility, etc. | Т.Х. Миннибаев. |
| 260 ## - PUBLICATION, DISTRIBUTION, ETC. | |
| Place of publication, distribution, etc. | Казань : |
| Name of publisher, distributor, etc. | Изд-во Казан. ун-та, |
| Date of publication, distribution, etc. | 1990. |
| 300 ## - PHYSICAL DESCRIPTION | |
| Extent | 134 с. |
| 504 ## - BIBLIOGRAPHY, ETC. NOTE | |
| Bibliography, etc. note | Библиогр. в примеч. с. 130-133 |
| 653 0# - INDEX TERM--UNCONTROLLED | |
| Uncontrolled term | Журналистика - Социальные функции |
| 653 0# - INDEX TERM--UNCONTROLLED | |
| Uncontrolled term | Политическая культура в социальном обществе |
| Withdrawn status | Lost status | Damaged status | Not for loan | Collection | Home library | Current library | Date acquired | Total checkouts | Full call number | Barcode | Date last seen | Price effective from | Koha item type | Public note |
|---|---|---|---|---|---|---|---|---|---|---|---|---|---|---|
| General | Fundamental Scientific Library | Fundamental Scientific Library | 28/12/2016 | [050+070](47+57) | 120615334 | 28/12/2016 | 28/12/2016 | Գրքեր / Books | 30 Days Loan |
ՀՀ Գիտությունների ազգային ակադեմիայի հիմնարար գիտական գրադարան = Fundamental Scientific Library of NAS RA
All site content, except where otherwise noted, is licensed under a